| 000 | 00362pab a2200145 454500 | ||
|---|---|---|---|
| 008 | 180718b1987 xxu||||| |||| 00| 0 eng d | ||
| 100 | _aWillmott, Hugh | ||
| 245 |
_aStudying managerial work _bA critique and a proposal |
||
| 260 | _c1987 | ||
| 300 | _a249-70 | ||
| 362 | _aMay | ||
| 650 | _aExecutives | ||
| 773 | _aJournal of Management Studies | ||
| 909 | _a7900 | ||
| 999 |
_c7900 _d7900 |
||